000 00592nam a2200253Ia 4500
005 20260306154405.0
008 008 260114s9999 xx 000 0 eng d
020 _a9780511761225
037 _aEBOOK
040 _aCRL
040 _beng
040 _cCRL
041 _2eng
041 _aeng
084 _qCRL
100 _aCropley
_91127458
245 4 _aThe Dark Side of Creativity
260 _bCambridge University Press
260 _c2012
650 _a Psychology
856 _uhttps://doi.org/10.1017/CBO9780511761225
942 _cEBOOK
999 _c1707333
_d1707333